00464nam a2200145Ia 4500008004100000100002000041245008800061245002000149260003900169260000900208300000900217650001800226650001500244856005900259170221s9999 xx 000 0 und d aVigil, Tammy R. aConquering Constraints and Expanding Ethos: FDR’s 1932 Commonwealth Club Address  cTammy R. Vigil. bStudies in Media and Communication c2013 a13 : xCommunication xMedia Arts uhttp://redfame.com/journal/index.php/smc/issue/view/31